A Review of Climate Change Threat Denial Theories and Aproaches. Defining Potential Climate Change Denial Stages
Analýza a hodnotenie niekoľkých prístupov, ktoré argumentujú o pôvode klimatickej zmeny a jej význame. Klasifikácia potenciálnych štádií bagatelizácie a popierania klimatických zmien.
Saved in:
| Main Author: | |
|---|---|
| Format: | Book Chapter |
| Language: | English |
| Subjects: | |
| Tags: |
No Tags, Be the first to tag this record!
|
MARC
| LEADER | 00000naa$a2200000$$$4500 | ||
|---|---|---|---|
| 001 | 0304150 | ||
| 005 | 20240913080118.8 | ||
| 041 | 0 | |a eng | |
| 044 | |a SK | ||
| 245 | 1 | 0 | |a A Review of Climate Change Threat Denial Theories and Aproaches. Defining Potential Climate Change Denial Stages |c Jakub Pernický |
| 520 | |a Analýza a hodnotenie niekoľkých prístupov, ktoré argumentujú o pôvode klimatickej zmeny a jej význame. Klasifikácia potenciálnych štádií bagatelizácie a popierania klimatických zmien. | ||
| 610 | 2 | 0 | |a zmeny klimatické |
| 610 | 2 | 0 | |a teórie ekonomické |
| 610 | 2 | 0 | |a environmentalistika |
| 610 | 2 | 0 | |a ekológia |
| 610 | 2 | 0 | |a metódy |
| 610 | 2 | 0 | |a analýzy |
| 100 | 1 | |a Pernický, Jakub, 1998- | |